000 01874nam a2200301 i 4500
003 DO-SdBNP
005 20240229091110.0
007 ta
008 240229s2023 dr co 000 j spa d
020 _a9789945934250
040 _aDO-SdBNP
_bspa
_cBNPHU
_erda
082 _a923.7
_bN124, 2023
_222
100 _aNacidit-Perdomo, Ylonka,
_d1965-
_924277
245 1 0 _aAna Emilia Abigail Mejía Soliére :
_b(1895-1941) : una vida estelar y excepcional. <<Constructora de la ciudadanía>> de las mujeres de la República Dominicana
_cYlonka Nacidit Perdomo ; presentación Mayra Jiménez
264 1 _aSanto Domingo :
_bMinisterio de la Mujer,
_c2023.
300 _a58 páginas,
_bretratos, fotografías
_c23 cm.
336 _2rdacontent
_atexto
_btxt
337 _2rdamedia
_asin mediación
_bn
338 _2rdacarrier
_avolumen
_bnc
500 _a Comisión Oficial para el Traslado al Panteón de la Patria de los Restos Mortales de Ana Emilia Abigail Mejía Soliére,
505 0 _tAbigail : Sus orígenes, primeros años y adolescencia, pág.. 10.--
_tAbigail : Ante la violencia de guerra mundial y el militarismo, pág. 18.--
_tAbigail : Primera periodista/Corresponsal trasatlántica dominicana, pág. 25.--
_tAbigail : Pionera del arte fotográfico con mirada de mujer, pág. 32.--
_tAbigail : Pionera e impulsora del museo nacional, pág. 37.--
_tAbigail : Pionera del sufragismo de vanguardia en la República Dominicana, pág. 40.--
_tAbigail : La despedida triste de una vida fecunda, pág. 42.--
_tColofón, pág. 54.--
_tNotas, pág. 56. /
590 _aInventariado, 2024/ YL
600 _aMejía Soliére, Ana Emilia Abigail
_d1895-1941
_xBiografía
_984960
600 _aMejía Soliére, Ana Emilia Abigail
_d1895-1941
_xCrítica e interpretación
_984961
700 1 _aJiménez, Mayra
_epresentación
_984062
910 _aYLockward
942 _2ddc
_cLBS1
999 _c56006
_d56006